| 000 -LEADER |
| fixed length control field |
00997nam a22003377a 4500 |
| 001 - CONTROL NUMBER |
| control field |
8332091 |
| 003 - CONTROL NUMBER IDENTIFIER |
| control field |
LIBRIS |
| 005 - DATE AND TIME OF LATEST TRANSACTION |
| control field |
20210426102951.0 |
| 008 - FIXED-LENGTH DATA ELEMENTS--GENERAL INFORMATION |
| fixed length control field |
020113s1999 xxk 001 0 eng c |
| 020 ## - INTERNATIONAL STANDARD BOOK NUMBER |
| International Standard Book Number |
1861890516 (inb.) |
| 040 ## - CATALOGING SOURCE |
| Original cataloging agency |
L* |
| Modifying agency |
S |
| Language of cataloging |
eng |
| Transcribing agency |
DLC |
| 041 ## - LANGUAGE CODE |
| Language code of text/sound track or separate title |
eng |
| 080 ## - UNIVERSAL DECIMAL CLASSIFICATION NUMBER |
| Universal Decimal Classification number |
811 |
| Item number |
F-58 |
| 082 0# - DEWEY DECIMAL CLASSIFICATION NUMBER |
| Classification number |
417.7 |
| Edition number |
21 |
| 084 ## - OTHER CLASSIFICATION NUMBER |
| Classification number |
F.00 |
| Number source |
kssb/7 |
| 100 1# - MAIN ENTRY--PERSONAL NAME |
| Personal name |
Fischer, Steven Roger |
| 245 02 - TITLE STATEMENT |
| Title |
A history of language |
| Remainder of title |
/ by: Reaktion Books |
| 260 ## - PUBLICATION, DISTRIBUTION, ETC. |
| Place of publication, distribution, etc. |
London : |
| Name of publisher, distributor, etc. |
Reaktion Books |
| Date of publication, distribution, etc. |
1999 |
| 300 ## - PHYSICAL DESCRIPTION |
| Extent |
240 p. ill. |
| Other physical details |
kartor ; |
| Dimensions |
23 cm |
| 365 ## - TRADE PRICE |
| Price amount |
29.95 usd |
| 440 #0 - SERIES STATEMENT/ADDED ENTRY--TITLE |
| Title |
Globalities |
| 504 ## - BIBLIOGRAPHY, ETC. NOTE |
| Bibliography, etc. note |
Includes bibliographical references and index |
| 650 #7 - SUBJECT ADDED ENTRY--TOPICAL TERM |
| Topical term or geographic name entry element |
Historical linguistics |
| Source of heading or term |
BNB |
| 650 #0 - SUBJECT ADDED ENTRY--TOPICAL TERM |
| Topical term or geographic name entry element |
Linguistics |
| 9 (RLIN) |
445 |
| 650 #7 - SUBJECT ADDED ENTRY--TOPICAL TERM |
| Topical term or geographic name entry element |
Sociolinguistics |
| Source of heading or term |
BNB |
| 653 ## - INDEX TERM--UNCONTROLLED |
| Uncontrolled term |
ლინგვისტიკა |
| 942 ## - ADDED ENTRY ELEMENTS (KOHA) |
| Source of classification or shelving scheme |
|
| Koha item type |
Books |